<?xml version="1.0" encoding="UTF-8"?>
<collection xmlns="http://www.loc.gov/MARC21/slim">
 <record>
  <leader>01271nam a22001937a 4500</leader>
  <controlfield tag="001">NCT_4_006819</controlfield>
  <controlfield tag="008">240424b        xxu||||| |||| 00| 0 vie d</controlfield>
  <datafield tag="999" ind1=" " ind2=" ">
   <subfield code="c">8240</subfield>
   <subfield code="d">8240</subfield>
  </datafield>
  <datafield tag="020" ind1=" " ind2=" ">
   <subfield code="a">9786043475937</subfield>
   <subfield code="c">109000</subfield>
  </datafield>
  <datafield tag="082" ind1="0" ind2="4">
   <subfield code="2">23rd ed.</subfield>
   <subfield code="a">959.731</subfield>
   <subfield code="b">T305</subfield>
  </datafield>
  <datafield tag="100" ind1="1" ind2=" ">
   <subfield code="a">Nguyễn Ngọc Tiến</subfield>
  </datafield>
  <datafield tag="245" ind1="1" ind2="0">
   <subfield code="a">Hà Nội còn một chút này</subfield>
   <subfield code="c">Nguyễn Ngọc Tiến</subfield>
  </datafield>
  <datafield tag="260" ind1=" " ind2=" ">
   <subfield code="a">H.</subfield>
   <subfield code="b">Hội Nhà văn</subfield>
   <subfield code="c">2022</subfield>
  </datafield>
  <datafield tag="300" ind1=" " ind2=" ">
   <subfield code="a">367tr.</subfield>
   <subfield code="c">21 cm</subfield>
  </datafield>
  <datafield tag="520" ind1="3" ind2=" ">
   <subfield code="a">Tác giả dường như muốn kể cho chúng ta về một Hà Nội khác, một Hà Nội có một lịch sử khác. Luôn tìm kiếm những điều mới lạ và độc đáo về Hà Nội, trang viết của tác giả đã góp phần cho thấy sự giàu có vô tận trong những vỉa tầng văn hóa của thành phố, ở đó Hà Nội vốn đẹp và vẫn luôn luôn đẹp trong những điều nhỏ nhặt và quen thuộc nhất.</subfield>
  </datafield>
  <datafield tag="653" ind1=" " ind2=" ">
   <subfield code="a">Tham khảo</subfield>
  </datafield>
  <datafield tag="942" ind1=" " ind2=" ">
   <subfield code="2">ddc</subfield>
   <subfield code="c">BK</subfield>
  </datafield>
  <datafield tag="952" ind1=" " ind2=" ">
   <subfield code="0">0</subfield>
   <subfield code="1">0</subfield>
   <subfield code="2">ddc</subfield>
   <subfield code="4">0</subfield>
   <subfield code="6">959_731000000000000_T305</subfield>
   <subfield code="7">0</subfield>
   <subfield code="9">28804</subfield>
   <subfield code="a">000001</subfield>
   <subfield code="b">000001</subfield>
   <subfield code="d">2024-04-24</subfield>
   <subfield code="o">959.731 T305</subfield>
   <subfield code="p">TK.04064</subfield>
   <subfield code="r">2024-04-24</subfield>
   <subfield code="v">109000.00</subfield>
   <subfield code="w">2024-04-24</subfield>
   <subfield code="y">BK</subfield>
  </datafield>
  <datafield tag="980" ind1=" " ind2=" ">
   <subfield code="a">Thư viện Trường Đại học Nam Cần Thơ</subfield>
  </datafield>
 </record>
</collection>
